000 01212nam a2200205Ia 4500
001 11105
003 GE_BSU
008 181216s||||||||xx |||||||||||||| ||und||
040 _cGE_BSU
080 _a595.7(083.71)+632.7(083.71)
245 _aმწერების სარკვევი კულტურული მცენარეების დაზიანებათა მიხედვით.
245 _cშეადგინეს ი.დ.ბათიაშვილმა, გ.ი. ბეი-ბიენკომ, ნ.ნ. ბოგდანოვ-კატკოვმა და სხვ. პროფ.გ.ნ. შჩეგოლევის რედ.ქართული გამოც. ი.დ.ბათიაშვილის რედ.
260 _aთბილისი.
260 _bსაქ. სას.-სამ. ინ-ტის გამ-ბა.
260 _c1957.
300 _a424გვ;22სმ.
300 _eილ;საძიებელი გვ.411.
653 _aმწერების სარკვევი კულტურული მცენარეების დაზიანებათა მიხედვით.
942 _cBK
999 _c44344
_d44344